00369nam a2200109Ia 4500008004100000082001800041100002500059245004500084260003100129630001800160650008100178211109s9999||||xx |||||||||||||| ||und|| a823.01bQUI-S aQuiller, Couch, At,  0aSelected Stories, Selected Byt Eh Author bG. M. DentaNew Yorkc1900 xGeneral Stack aEnglish LiteraturevEnglish NovelEnglish FictionEnglish short storyxEnglish